000
00282nam a22001217a 4500
008
230626b xxu||||| |||| 00| 0 eng d
082
_a
328.77
_b
ILL
100
_c
ILL
245
_a
Ninety-Third General Assembly 2003
260
_a
Kenya
_b
ILL
_c
2003
300
_a
70p
942
_2
ddc
_c
BK
999
_c
2594
_d
2594